| 000 | 00970nam a2200313Ia 4500 | ||
|---|---|---|---|
| 001 | Para_7882 | ||
| 003 | CHAP | ||
| 008 | 220125s1921 xx 000 0 und d | ||
| 010 | _a206831 | ||
| 040 | _cCHAP | ||
| 082 | _aPA-C 595.75 H4 | ||
| 100 |
_aFlint, W.P. _941292 |
||
| 245 |
_aChinch-bug resistance shown by certain varieties of corn / _c by W.P. Flint |
||
| 260 |
_as.l. : _b s.e. |
||
| 300 | _a3 p. | ||
| 440 |
_aHemiptera; 8 _9172879 |
||
| 500 | _aSobretiro de Journal of Economic Entomology 14 (1): 83-85. Encuadernado con impresos similares | ||
| 650 |
_aChinche de los cereales _922578 |
||
| 650 |
_aHemípteros _x colecciones de escritos _9165786 |
||
| 650 |
_aMaíz _x plagas _971034 |
||
| 700 |
_aJournal of Economic Entomology 14 (1) _9173152 |
||
| 901 | _aPA-C 595.75 H4 | ||
| 902 | _aA | ||
| 905 | _a0000001921 0000000000 00 | ||
| 910 | _a1921 | ||
| 942 | _cPARA | ||
| 942 |
_cPARA _d1 |
||
| 999 |
_c206831 _d206831 |
||